00676nam a22001697a 450000500170000002000230001703500220004003700130006210000190007524500700009426000420016430000190020694200250022599900170025095201200026795201190038720180823131852.0 a8170002755c575.00 aB-31464, B-031466 aDPLbENG aNair, R. Raman aInternet for library and information services /cby R. Raman Nair aNew DelhibEss Ess Publicationsc1999 a253p.c20 cms. 2ddccENh021.65mNAI c63315d63315 001040708NFICaZLSbZLSd2012-02-22g575.00l0o021.65 NAIpB-31464r2012-02-22 00:00:00v575.00w2012-02-22yEN 001040708NFICaBL4bBL4d2018-08-23eBPPD/PUBg575.00l0o021.65 NAIpB-031466r2018-08-23 00:00:00v575.00yEN